<?xml version="1.0" encoding="UTF-8"?>
<record
    xmlns:xsi="http://www.w3.org/2001/XMLSchema-instance"
    xsi:schemaLocation="http://www.loc.gov/MARC21/slim http://www.loc.gov/standards/marcxml/schema/MARC21slim.xsd"
    xmlns="http://www.loc.gov/MARC21/slim">

  <leader>01481ngm a2200385 a 4500</leader>
  <datafield tag="999" ind1=" " ind2=" ">
    <subfield code="c">7579</subfield>
    <subfield code="d">7579</subfield>
  </datafield>
  <controlfield tag="001">991043131939706706</controlfield>
  <controlfield tag="003">OSt</controlfield>
  <controlfield tag="005">20211221114152.0</controlfield>
  <controlfield tag="008">120424s2012    spc||| |      |   v|cat|c</controlfield>
  <datafield tag="035" ind1=" " ind2=" ">
    <subfield code="a">(ES-BaCBU).b52647778</subfield>
  </datafield>
  <datafield tag="035" ind1=" " ind2=" ">
    <subfield code="a">(OCoLC)1120361022</subfield>
  </datafield>
  <datafield tag="040" ind1=" " ind2=" ">
    <subfield code="a">ES-BaCBU</subfield>
    <subfield code="b">cat</subfield>
    <subfield code="c">CDMR</subfield>
  </datafield>
  <datafield tag="080" ind1=" " ind2=" ">
    <subfield code="a">316.77</subfield>
  </datafield>
  <datafield tag="080" ind1=" " ind2=" ">
    <subfield code="a">301.153.2</subfield>
  </datafield>
  <datafield tag="245" ind1="0" ind2="4">
    <subfield code="a">Una Mirada cr&#xED;tica</subfield>
    <subfield code="h">[Enregistrament de v&#xED;deo] :</subfield>
    <subfield code="b">un (des)enfoc cr&#xED;tic sobre els mitjans de comunicaci&#xF3; /</subfield>
    <subfield code="c">Aulam&#xE8;dia i Objectiu Comunicaci&#xF3; presenten ; un reportatge de Francesc-Josep De&#xF3; i D&#xED;dac Roger</subfield>
  </datafield>
  <datafield tag="260" ind1=" " ind2=" ">
    <subfield code="a">[Barcelona] :</subfield>
    <subfield code="b">Aulam&#xE8;dia,</subfield>
    <subfield code="c">2012</subfield>
  </datafield>
  <datafield tag="300" ind1=" " ind2=" ">
    <subfield code="a">1 videodisc (DVD) :</subfield>
    <subfield code="b">col. (PAL), so</subfield>
  </datafield>
  <datafield tag="511" ind1="1" ind2=" ">
    <subfield code="a">Amb la participaci&#xF3; i opinions de: Teun A. van Dijk, Vicent Partal, Elvira Alt&#xE9;s, Xavier Gir&#xF3; i Roger Pal&#xE0;</subfield>
  </datafield>
  <datafield tag="650" ind1="0" ind2="4">
    <subfield code="a">Mitjans de comunicaci&#xF3; de massa</subfield>
    <subfield code="x">Cr&#xED;tica</subfield>
  </datafield>
  <datafield tag="650" ind1="0" ind2="0">
    <subfield code="a">Alfabetitzaci&#xF3; medi&#xE0;tica</subfield>
    <subfield code="9">4787</subfield>
  </datafield>
  <datafield tag="700" ind1="1" ind2=" ">
    <subfield code="a">De&#xF3;, Francesc Josep</subfield>
    <subfield code="9">3704</subfield>
  </datafield>
  <datafield tag="700" ind1="1" ind2=" ">
    <subfield code="a">Roger, D&#xED;dac</subfield>
  </datafield>
  <datafield tag="700" ind1="1" ind2=" ">
    <subfield code="a">Dijk, Teun Adrianus van</subfield>
    <subfield code="9">3229</subfield>
  </datafield>
  <datafield tag="700" ind1="1" ind2=" ">
    <subfield code="a">Partal, Vicent</subfield>
    <subfield code="9">3242</subfield>
  </datafield>
  <datafield tag="700" ind1="1" ind2=" ">
    <subfield code="a">Alt&#xE9;s, Elvira</subfield>
    <subfield code="9">1903</subfield>
  </datafield>
  <datafield tag="700" ind1="1" ind2=" ">
    <subfield code="a">Gir&#xF3;, Xavier</subfield>
    <subfield code="9">415</subfield>
  </datafield>
  <datafield tag="700" ind1="1" ind2=" ">
    <subfield code="a">Pal&#xE0;, Roger</subfield>
    <subfield code="9">3344</subfield>
  </datafield>
  <datafield tag="710" ind1="2" ind2=" ">
    <subfield code="a">Objectiu Comunicaci&#xF3;</subfield>
  </datafield>
  <datafield tag="710" ind1="2" ind2=" ">
    <subfield code="a">AulaM&#xE8;dia (Associaci&#xF3;)</subfield>
  </datafield>
  <datafield tag="856" ind1=" " ind2=" ">
    <subfield code="u">https://vimeo.com/191026961</subfield>
    <subfield code="z">Tamb&#xE9; en acc&#xE9;s lliure</subfield>
  </datafield>
  <datafield tag="907" ind1=" " ind2=" ">
    <subfield code="a">.b52647778</subfield>
    <subfield code="b">07-06-21</subfield>
    <subfield code="c">24-04-12</subfield>
    <subfield code="d">24-04-12</subfield>
    <subfield code="e">m</subfield>
    <subfield code="f">g</subfield>
    <subfield code="g">-</subfield>
    <subfield code="h">cat</subfield>
    <subfield code="i">spc</subfield>
    <subfield code="j">0</subfield>
    <subfield code="k">1</subfield>
  </datafield>
  <datafield tag="908" ind1=" " ind2=" ">
    <subfield code="a">UdG</subfield>
    <subfield code="a">UAB</subfield>
    <subfield code="a">URL</subfield>
    <subfield code="a">MACBA</subfield>
    <subfield code="a">FILMO</subfield>
  </datafield>
  <datafield tag="940" ind1=" " ind2=" ">
    <subfield code="a">UAB</subfield>
  </datafield>
  <datafield tag="942" ind1=" " ind2=" ">
    <subfield code="2">udc</subfield>
    <subfield code="c">ADV</subfield>
  </datafield>
  <datafield tag="952" ind1=" " ind2=" ">
    <subfield code="0">0</subfield>
    <subfield code="1">0</subfield>
    <subfield code="4">0</subfield>
    <subfield code="7">0</subfield>
    <subfield code="a">CDMR</subfield>
    <subfield code="b">CDMR</subfield>
    <subfield code="d">2021-12-20</subfield>
    <subfield code="e">Donaci&#xF3;</subfield>
    <subfield code="g">15.00</subfield>
    <subfield code="l">0</subfield>
    <subfield code="o">Ci 1/64</subfield>
    <subfield code="p">CDMR21120109</subfield>
    <subfield code="r">2021-12-20</subfield>
    <subfield code="w">2021-12-20</subfield>
    <subfield code="y">ADV</subfield>
  </datafield>
</record>
